[Event "Skilling Open CCT 2021"]
[Site "Online"]
[Date "2020.11.19"]
[Round "1.1"]
[White "Giri, Anish"]
[Black "Vachier-Lagrave, Maxime"]
[Result "1/2-1/2"]
[WhiteElo "2731"]
[BlackElo "2860"]
[Annotator "TA"]
[PlyCount "52"]
[EventDate "2020.11.20"]
[EventType "tourn"]
[EventCountry "NET"]
[Tiebreak "Koya+Number of black wins+Number of wins"]
[SourceTitle "playchess.com"]
[Source "ChessBase"]
[SourceQuality "1"]

{[%evp 13,52,26,31,0,12,0,0,0,14,0,21,37,61,59,67,73,71,73,61,70,76,46,52,56,
55,53,56,59,58,18,39,0,0,0,8,0,0,0,8,0,0]} 1. e4 c5 2. Nf3 d6 3. d4 cxd4 4.
Nxd4 Nf6 5. Nc3 Nc6 6. Bg5 e6 7. Bb5 Bd7 8. Qd3 $1 {[%mdl 4] outshines the
older 8.Bxc6. B62: Sicilian: Richter-Rauzer: 6...e6: Unusual White 7th moves.}
(8. O-O {with more complications.} Be7 9. Nb3 Qc7 10. Be3 O-O 11. f4) 8... Be7
9. Bxc6 bxc6 10. O-O-O O-O 11. Nb3 d5 12. e5 Ng4 13. Bxe7 Qxe7 14. Qd4 Nh6 15.
f4 f6 {[#]} 16. exf6 $146 ({Predecessor:} 16. Rhe1 Nf7 17. Nc5 fxe5 18. fxe5
Nh6 19. N3a4 Be8 20. Rf1 Bh5 21. Rde1 Nf5 22. Qd2 {1-0 (36) Matlakov,M (2700)
-Maghsoodloo,P (2688) St Petersburg 2018}) 16... Qxf6 17. g3 (17. Nc5 {keeps
more tension.} Qe7 18. Rhe1 Nf5 19. Qg1 Rae8 20. g3) 17... Nf5 18. Qxf6 gxf6
19. Nc5 Rf7 20. Rhe1 Re8 21. g4 (21. N3e4 $5 Bc8 22. g4 dxe4 23. gxf5 exf5 24.
Rg1+ Rg7 25. Rxg7+ Kxg7 26. Rd6 $14) 21... Nd6 22. h4 Bc8 {The position is
equal.} 23. Nd3 Ba6 24. Nc5 Bc8 25. Nd3 Ba6 26. Nc5 Bc8 {Weighted Error Value:
White=0.10/Black=0.05} 1/2-1/2

[Event "Skilling Open CCT 2021"]
[Site "Online"]
[Date "2020.11.19"]
[Round "1.2"]
[White "Karjakin, Sergey"]
[Black "Ding, Liren"]
[Result "1/2-1/2"]
[WhiteElo "2709"]
[BlackElo "2836"]
[Annotator "TA"]
[PlyCount "48"]
[EventDate "2020.11.20"]
[EventType "tourn"]
[EventCountry "NET"]
[Tiebreak "Koya+Number of black wins+Number of wins"]
[SourceTitle "playchess.com"]
[Source "ChessBase"]
[SourceQuality "1"]

{[%evp 17,48,0,6,-64,-55,-42,-42,-47,-42,-31,-37,-56,-36,-48,-28,-62,-53,-53,
-55,-61,-50,-64,-44,-58,-35,-66,-54,-41,0,0,0,-60,0]} 1. e4 c5 2. Nf3 d6 3. d4
cxd4 4. Nxd4 Nf6 5. f3 e5 6. Nb3 d5 7. Bg5 Be6 8. exd5 Qxd5 9. Nc3 Bb4 10. Bxf6
{B55: Sicilian: 2...d6 3 d4 cxd4 4 Nxd4 Nf6 5 f3.} ({Better is} 10. Qd2 $11)
10... Qxd1+ $15 {[#]} 11. Kxd1 $146 ({Predecessor:} 11. Rxd1 gxf6 12. Kd2 Nc6
13. a3 O-O-O+ 14. Bd3 Bxb3 15. cxb3 Bf8 16. Ne2 Bh6+ 17. Kc2 Be3 {1-0 (53)
Popov,I (2596)-Nazaretyan,T (2308) Sochi 2016}) 11... gxf6 12. Nb5 Kd7 13. a3
Be7 14. Ke1 Rc8 15. Bd3 f5 16. Kf2 Ke8 17. Rhe1 Nd7 18. Nc3 Kf8 19. g3 Nc5 20.
Nxc5 Rxc5 21. Na4 Ra5 22. Nc3 Rc5 23. Na4 Ra5 (23... Rd5 $11) 24. Nc3 {
Threatening b4.} Rc5 {Weighted Error Value: White=0.12/Black=0.05} (24... Bc5+
$15 25. Kg2 Bd4) 1/2-1/2

[Event "Skilling Open CCT 2021"]
[Site "Online"]
[Date "2020.11.22"]
[Round "1.3"]
[White "Nakamura, Hikaru"]
[Black "Duda, Jan-Krzysztof"]
[Result "1/2-1/2"]
[WhiteElo "2829"]
[BlackElo "2774"]
[Annotator "TA"]
[PlyCount "68"]
[EventDate "2020.11.20"]
[EventType "tourn"]
[EventCountry "NET"]
[Tiebreak "Koya+Number of black wins+Number of wins"]
[SourceTitle "playchess.com"]
[Source "ChessBase"]
[SourceQuality "1"]

{[%evp 12,68,0,0,0,0,2,0,0,0,0,0,0,5,0,0,0,0,0,0,8,0,0,0,17,9,11,0,0,0,0,0,0,0,
7,4,0,0,22,8,15,0,0,0,0,0,0,0,0,0,0,0,0,0,0,0,0,0,0]} 1. e4 e5 2. Nf3 Nf6 3. d4
Nxe4 4. Bd3 d5 5. Nxe5 Nd7 6. O-O Nxe5 7. dxe5 {The position is equal.} Nc5 {
C43: Petroff Defence: 3 d4.} 8. f4 g6 9. Be3 Nxd3 10. Qxd3 c6 11. Nd2 Be7 12.
Qc3 O-O 13. Nb3 {[#]} Bf5 $146 ({Predecessor:} 13... Re8 14. a4 Bf8 15. a5 a6
16. Bc5 Bxc5+ 17. Nxc5 Qc7 18. Ra3 Bf5 19. Rb3 Rab8 {1-0 (30) Sanchez,M (2352)
-Normando,M (2068) ICCF email 2006}) 14. Rad1 Rc8 15. Bc5 b6 16. Bxe7 Qxe7 17.
Rfe1 Rfd8 18. Nd4 Qd7 19. Nxf5 Qxf5 20. Rf1 c5 21. Qd3 Qxd3 22. Rxd3 $11 {
[%mdl 4096] Endgame KRR-KRR} d4 23. Rfd1 f6 24. exf6 Rf8 25. c3 Rxf6 26. cxd4
Rxf4 27. dxc5 Rxc5 28. Rd7 Rf7 29. Rxf7 Kxf7 {KR-KR} 30. Rd7+ Kg8 31. Rd8+ Kg7
32. Rd7+ Kg8 33. Rd8+ Kg7 34. Rd7+ Kg8 {A rather calm draw.  Weighted Error
Value: White=0.01/Black=0.03} 1/2-1/2

[Event "Skilling Open CCT 2021"]
[Site "Online"]
[Date "2020.11.19"]
[Round "1.4"]
[White "Le, Quang Liem"]
[Black "Aronian, Levon"]
[Result "0-1"]
[WhiteElo "2744"]
[BlackElo "2778"]
[Annotator "TA"]
[PlyCount "106"]
[EventDate "2020.11.20"]
[EventType "tourn"]
[EventCountry "NET"]
[Tiebreak "Koya+Number of black wins+Number of wins"]
[SourceTitle "playchess.com"]
[Source "ChessBase"]
[SourceQuality "1"]

{[%evp 22,106,19,14,17,30,33,0,9,7,8,-20,-20,-22,0,0,0,0,19,0,69,0,16,12,25,0,
0,0,0,-37,-16,-36,0,-20,-16,-23,-46,-43,0,0,0,-112,0,0,0,-62,0,0,0,-199,-77,
-50,0,0,0,-1238,-60,-68,-64,-64,-70,-92,-67,-385,-372,-387,-387,-377,-366,-488,
-470,-506,-494,-877,-868,-1011,-1037,-1504,-1511,-1472,-1285,-2093,-2016,
-29979,-29980,-29980,-29981]} 1. d4 Nf6 2. c4 e6 3. Nf3 d5 4. Nc3 Be7 5. Bg5
O-O 6. e3 Nbd7 7. Rc1 dxc4 8. Bxc4 a6 9. a4 b6 10. O-O Bb7 11. Qe2 c5 12. Rfd1
cxd4 {D66: Queen's Gambit Declined: Classical: Main Line (7 Rc1 c6 8 Bd3).} 13.
Nxd4 {[#]} Qe8 $146 ({Predecessor:} 13... Nd5 14. Bxd5 exd5 15. Bxe7 Qxe7 16.
Nf5 Qe6 17. Nd4 Qg6 18. Qf3 Nf6 19. Nf5 Kh8 20. Nd6 {1-0 (28) Gajdosik,A (1972)
-Jakab,R (1880) Slovakia 2018}) 14. e4 Ne5 {The position is equal.} 15. Bb3 Bc5
16. Bf4 Ng6 17. Be3 Rc8 (17... Nxe4 $6 18. Nxe4 Bxe4 19. Nxe6 $1 $16 {[%mdl
512]}) 18. f3 Qe7 19. Bc4 a5 20. Bb5 Bd6 (20... Ne8 $11) 21. g3 ({Better is} 
21. Nb3 $14) 21... h5 $11 22. Qf2 h4 23. Nde2 Bc5 24. Rd2 Ne5 25. Rcd1 g5 26.
Bxc5 Rxc5 (26... Qxc5 {is more complex.} 27. Nd4 g4 28. f4 hxg3 29. hxg3 Nf3+)
27. g4 Bc6 28. Nd4 Bxb5 29. axb5 Qc7 30. Na4 Rc1 31. Ne2 (31. Qe3 $1 $11 Nh7
32. Nc6 Rxd1+ 33. Rxd1) 31... Rc4 (31... Rxd1+ $17 32. Rxd1 Rd8 33. Rxd8+ Qxd8)
32. b3 Rb4 33. Nd4 ({White should play} 33. Qe3 $11 Nh7 34. Rc1) 33... Rc8 (
33... Rd8 $15 34. Qe3 Nh7) 34. Qe3 Kh7 35. Nc6 $2 (35. Qxg5 $2 Rxd4 $1 {
[%mdl 512]} 36. Qxf6 Rxd2 $19) (35. Kh1 $11 {and White stays safe.}) 35... Nxc6
(35... Rxb5 $19 {has better winning chances.} 36. Nd4 Rb4) 36. bxc6 $17 ({
But not} 36. Qxg5 Rxb3 37. bxc6 (37. Qxf6 Ne5 $11) 37... Rxf3 $11) 36... Qf4 (
36... Qe5 $5 {[%cal Rc8c6]} 37. Rc2 (37. Nxb6 Rxc6 38. Nc4 Qc5 $15) 37... Nd5
$15) 37. Qc3 Nxe4 (37... e5 {is interesting.} 38. Rd3 Ne8 39. Rd7 Kg7 40. Nb2
Rxc6 41. Rxf7+ Kxf7 42. Rd7+ Kf8) 38. Qd3 $2 {[%mdl 8192] [#]} (38. fxe4 $11
Qxg4+ 39. Kh1 Qxe4+ {[%mdl 64] Double Attack} 40. Rg2) 38... Rxc6 $2 (38... Rd8
$1 $19 {[%mdl 512]} 39. Rc2 (39. Qxd8 Qe3+) 39... Rxd3 40. Rxd3 Rd4 $1 {
[%mdl 512]}) 39. fxe4 $15 Qxe4 40. h3 Qxd3 41. Rxd3 {[#]} b5 $1 {[%cal Rb5a4,
Bb6b5,Bb5b4,Bb4b3][%mdl 32]} 42. Nc3 $2 {[%mdl 8192] Now White is beyond hope.}
({White must play} 42. Nb2 $15) 42... Rxb3 $19 43. Ne4 Rxd3 44. Rxd3 {[%mdl
4096] Endgame KRN-KR} Kg6 45. Rd8 {intending Rg8+.} f5 46. Nf2 b4 47. Rb8 (47.
gxf5+ $142 exf5 48. Nd3) 47... Rc3 48. gxf5+ exf5 49. Rb6+ Kh5 50. Kf1 b3 51.
Ke2 a4 {[%cal Ba5a4,Ba4a3][%mdl 32]} 52. Nd3 a3 53. Rb8 {[#]} Rxd3 $1 {[%mdl
576] Promotion.  Weighted Error Value: White=0.98/Black=0.37} 0-1

[Event "Skilling Open CCT 2021"]
[Site "Online"]
[Date "2020.11.19"]
[Round "1.5"]
[White "Vidit, Santosh Gujrathi"]
[Black "Firouzja, Alireza"]
[Result "1/2-1/2"]
[WhiteElo "2636"]
[BlackElo "2703"]
[Annotator "TA"]
[PlyCount "97"]
[EventDate "2020.11.20"]
[EventType "tourn"]
[EventCountry "NET"]
[Tiebreak "Koya+Number of black wins+Number of wins"]
[SourceTitle "playchess.com"]
[Source "ChessBase"]
[SourceQuality "1"]

{[%evp 20,97,29,29,50,41,38,0,0,0,44,10,10,10,41,40,50,46,35,37,51,22,41,33,73,
63,88,5,3,4,85,83,138,102,127,121,172,178,178,187,169,175,207,179,169,4,2,6,8,
7,13,0,8,0,32,32,29,14,16,11,13,10,29,11,14,15,52,29,48,2,4,0,14,4,8,0,0,0,11,
0]} 1. d4 Nf6 2. c4 e6 3. Nf3 d5 4. g3 Be7 5. Bg2 O-O 6. O-O dxc4 7. Qc2 a6 8.
a4 Nc6 9. Qxc4 Qd5 {9...Na5 deserves study.} 10. Nbd2 Rd8 11. e3 Qh5 {E05:
Open Catalan: 5 Nf3 Be7.} 12. h3 Nd5 {[#]} 13. a5 $146 ({Predecessor:} 13. b3
Ndb4 14. Ba3 Bd7 15. Qe2 Be8 16. Rfc1 f6 17. Ne4 b6 18. Bxb4 Bxb4 19. g4 {
1/2-1/2 (37) Kamsky,G (2741)-Kryvoruchko,Y (2676) Achaea 2012}) 13... Ndb4 14.
Qc3 Nxa5 15. g4 (15. Qxc7 $5 {[%cal Ra1a5]} Nac6 16. g4 $11) 15... Qb5 $1 16.
Qxc7 Nac6 (16... Nbc6 $5 {[%cal Re7d6]}) 17. Ne5 {[#] Strongly threatening
Nxc6.} Nxe5 18. Qxe7 Nec6 19. Qh4 e5 20. Nf3 Bd7 21. dxe5 Nd3 22. Bd2 Ndxe5 23.
Nxe5 ({Better is} 23. Ng5 $16 h6 24. Ne4) 23... Nxe5 $11 24. Bc3 {With the
idea Ra5.} Ng6 (24... Bc6 $11) 25. Qh5 $36 {[%mdl 2048] White is in control.}
Qb3 (25... Bc6 $142) 26. Ra3 Qb6 27. Qa5 Qe6 (27... Qd6 $16 {is a better
defense.}) 28. Bxb7 $18 Bc6 29. Bxa8 Rxa8 30. Qf5 {Hoping for Qxe6.} Qe8 31. e4
Bxe4 {[#]} 32. Re1 $2 (32. Qc5 $1 $18 {[%cal Rc5d4]} Bc6 33. Re1) 32... Bxf5
$11 33. Rxe8+ Rxe8 34. gxf5 {[%mdl 4096] Endgame KRB-KRN} Nf4 35. Kh2 Ra8 36.
f6 g6 37. Be5 Nd5 38. Ra5 Nb4 39. Bc3 Nc6 40. Ra4 h6 41. Kg3 Kh7 42. h4 g5 43.
h5 Nd8 44. Rd4 Ne6 {The position is equal.} 45. Ra4 Nc5 46. Rc4 Ne6 47. Ra4 Nc5
48. Rc4 Ne6 49. Ra4 {Weighted Error Value: White=0.21/Black=0.16} 1/2-1/2

[Event "Skilling Open CCT 2021"]
[Site "Online"]
[Date "2020.11.19"]
[Round "1.6"]
[White "So, Wesley"]
[Black "Anton Guijarro, David"]
[Result "1/2-1/2"]
[WhiteElo "2741"]
[BlackElo "2667"]
[Annotator "TA"]
[PlyCount "102"]
[EventDate "2020.11.20"]
[EventType "tourn"]
[EventCountry "NET"]
[Tiebreak "Koya+Number of black wins+Number of wins"]
[SourceTitle "playchess.com"]
[Source "ChessBase"]
[SourceQuality "1"]

{[%evp 20,102,-4,-4,0,-37,-20,-19,-14,-17,-18,-9,-8,-23,-4,-16,0,0,20,0,8,0,0,
-11,-14,-12,0,0,0,0,0,0,0,0,0,0,0,0,0,0,0,0,0,0,0,0,0,0,0,0,0,0,0,0,0,0,0,0,0,
0,0,0,0,0,0,0,0,0,0,0,0,0,0,0,0,0,0,0,0,0,0,0,0,0,0]} 1. d4 Nf6 2. c4 e6 3. Nc3
Bb4 4. Qc2 O-O 5. a3 Bxc3+ 6. Qxc3 d6 7. Bg5 Nbd7 8. Nf3 b6 9. Nd2 Bb7 10. f3
h6 11. Bh4 Re8 {E32: Nimzo-Indian: Classical (4 Qc2): 4...0-0.} 12. e3 e5 13.
dxe5 {[#]} dxe5 $146 ({Predecessor:} 13... Rxe5 14. Bg3 Re6 15. Be2 Qe7 16. Bf2
d5 17. O-O Re8 18. Rfe1 c5 19. Bf1 Ne5 {1-0 (40) Steingrimsson,H (2543)
-Vallejo Pons,F (2705) Warsaw 2013}) 14. Be2 Ne4 {[%mdl 64] [#] Decoy} 15. Nxe4
Qxh4+ {[%mdl 64] Double Attack} 16. Ng3 Rad8 17. O-O {The position is equal.}
Qe7 18. b4 Nf6 19. Rfd1 g6 20. Rxd8 Rxd8 21. Rd1 Rxd1+ 22. Bxd1 h5 23. Nh1 e4
24. f4 c5 25. Nf2 Qe6 26. h3 Ne8 27. g4 hxg4 28. hxg4 Nd6 29. Be2 Ba6 $1 {
[%cal Ra6c4]} 30. b5 Bc8 31. g5 Qe7 32. a4 {[%cal Ba3a4,Ba4a5][%mdl 32]} Bf5
33. a5 Qe6 34. a6 f6 35. gxf6 Kf7 36. Qe5 Qxf6 37. Qd5+ Qe6 {aiming for ...
Qxd5.} 38. Qa8 Qe7 39. Nd1 Qh4 40. Nf2 Qg3+ 41. Kf1 Qxe3 42. Qxa7+ {[%mdl 64] 
[#] Double Attack} Ke6 {Hoping for ...Qc1+.} 43. Qxb6 Bh3+ 44. Nxh3 Qxh3+ 45.
Ke1 $1 Qc3+ {[%mdl 64] Double Attack} 46. Kf2 {Threatens to win with Bg4+.}
Qd4+ 47. Kf1 Qa1+ 48. Kf2 Qd4+ $1 {[%mdl 64] Double Attack} 49. Ke1 {And now
Qc6 would win.} Qc3+ 50. Kd1 {Strongly threatening Bg4+.} Qb3+ 51. Ke1 Qc3+ {
An uneventful encounter.  Weighted Error Value: White=0.02/Black=0.02} 1/2-1/2

[Event "Skilling Open CCT 2021"]
[Site "Online"]
[Date "2020.11.22"]
[Round "1.7"]
[White "Svidler, Peter"]
[Black "Radjabov, Teimour"]
[Result "1/2-1/2"]
[WhiteElo "2742"]
[BlackElo "2758"]
[Annotator "TA"]
[PlyCount "176"]
[EventDate "2020.11.20"]
[EventType "tourn"]
[EventCountry "NET"]
[Tiebreak "Koya+Number of black wins+Number of wins"]
[SourceTitle "playchess.com"]
[Source "ChessBase"]
[SourceQuality "1"]

{[%evp 14,176,39,5,22,22,16,10,15,14,14,18,14,20,13,7,6,5,0,0,0,0,13,0,14,14,
21,14,20,20,45,44,50,29,33,25,31,22,35,26,49,52,61,39,39,39,50,36,54,11,27,13,
144,45,62,56,79,79,79,79,79,79,79,79,79,79,79,79,79,79,79,79,79,85,102,25,131,
131,131,131,366,131,131,131,131,50,131,131,131,131,131,0,131,131,131,131,131,
131,131,131,131,131,131,131,131,131,131,131,131,131,131,69,131,131,131,131,131,
8,8,8,8,8,8,8,8,8,8,8,8,8,8,0,0,0,8,0,0,0,8,0,0,0,8,8,8,0,0,0,0,0,0,0,0,0,0,0,
0,0,8,0,0,0,8,0,8]} 1. e4 e5 2. Nf3 Nc6 3. Bc4 Bc5 4. c3 Nf6 5. d3 d6 6. O-O h6
7. Re1 O-O 8. h3 (8. b4 $5 {[%cal Rb4c5]} Bb6 9. Nbd2 $11) 8... a6 {C54:
Giuoco Piano: 4 c3 Nf6, main lines with 5 d4 and 5 d3.} 9. a4 Re8 10. Nbd2 Ba7
11. b4 $1 {[%cal Bb2b4,Bb4b5][%mdl 32] The main line 11.b4 scores better than
11.Nf1.} Be6 12. Bxe6 Rxe6 13. Qc2 Qd7 14. Rb1 Rd8 15. b5 Ne7 {[#]} 16. d4 $146
{aiming for d5.} ({Predecessor:} 16. Nc4 Ng6 17. b6 {1/2-1/2 (17) Van Foreest,
J (2612)-Radjabov,T (2757) Wijk aan Zee 2019}) 16... Ng6 17. d5 Ree8 18. c4 Rf8
19. Nf1 Bc5 20. Be3 Bxe3 $1 21. Nxe3 b6 22. a5 axb5 23. Rxb5 bxa5 24. Rxa5 Ra8
25. Rea1 Rxa5 26. Rxa5 Rb8 27. c5 Qd8 28. Nc4 Ne8 29. g3 Qc8 30. Kg2 Ra8 31.
Nfd2 Rxa5 32. Nxa5 f5 (32... dxc5 $11 33. Qxc5 f5) 33. cxd6 (33. exf5 $16 Ne7
34. Nc6) 33... Nxd6 $14 34. Nac4 Ne7 35. Nxd6 cxd6 36. Qxc8+ Nxc8 37. exf5 $16
{[%mdl 4096] Endgame KN-KN} Ne7 {[%mdl 64] Double Attack} 38. g4 $1 Nxd5 39.
Nc4 $1 Nf4+ 40. Kg3 $1 Ne2+ 41. Kh2 Kf7 42. Nxd6+ Ke7 43. Ne4 h5 44. Kg2 (44.
gxh5 $16 Kf7 45. Kg2) 44... hxg4 (44... h4 $1 $11) 45. hxg4 Kf7 46. Kf3 Nf4 $2
(46... Ng1+ $16 {keeps fighting.} 47. Kg3 Ne2+ 48. Kh4 Nf4) 47. g5 $2 (47. Nc5
$1 $18) 47... g6 48. Kg4 Nd3 49. Nd6+ (49. f6 $16) 49... Kg7 (49... Kf8 $1 $14)
50. f6+ Kf8 51. Kf3 {Black must now prevent Nc4.} Nf4 52. Kg4 {Threatens to
win with Nc4.} Nd3 $1 53. f3 Nf4 54. Nc4 Nd3 55. Nb6 Kf7 56. Nd5 Nc5 57. Nc3
Nd3 58. Ne4 Ke6 59. Kg3 Kf7 60. Kg2 Ke6 61. Kf1 {Cut Off at move 61} Nf4 {[#]}
62. Kf2 (62. Kg1 $1 $16) 62... Nd5 (62... Kf5 $1 $14) 63. Nc5+ Kd6 64. Nd3 Nc7
{[#]} 65. f4 ({White has to play} 65. Kg3 $1 $16 Ne6 66. Kh4) 65... Ne6 $11 {
The position is equal.} 66. fxe5+ Kd5 $1 67. f7 {Strongly threatening Nf4+!}
Nf8 $1 68. Ke3 Nh7 69. Kf4 Ke6 70. f8=Q (70. Kg4 {is more complex.} Kxf7 71.
Nf4 Nf8 72. Kf3 Nh7 73. e6+) 70... Nxf8 71. Ke4 Nh7 72. Nc5+ Ke7 73. Kf4 Nf8
74. Ke4 Nh7 75. Kf4 Nf8 76. Nb3 Ke6 77. Ke4 Nh7 78. Nd4+ Ke7 79. Kf4 Nf8 80.
Nc6+ Kd7 {Hoping for ...Ne6+.} 81. Nd4 (81. Na5 {feels hotter.} Ne6+ 82. Kg4
Nc5 83. Kf4 Ke6 84. Nc6) 81... Ke7 82. Ke3 Nh7 83. Nf3 Nf8 84. Ke4 Ne6 85. Kd5
Kd7 86. Ke4 Ke7 87. Kd5 Kd7 88. Ke4 Ke7 {Blacks defense is rewarded with a
draw.  Weighted Error Value: White=0.17/Black=0.17} 1/2-1/2

[Event "Skilling Open CCT 2021"]
[Site "Online"]
[Date "2020.11.19"]
[Round "1.8"]
[White "Nepomniachtchi, Ian"]
[Black "Carlsen, Magnus"]
[Result "1-0"]
[WhiteElo "2778"]
[BlackElo "2881"]
[Annotator "TA"]
[PlyCount "76"]
[EventDate "2020.11.20"]
[EventType "tourn"]
[EventCountry "NET"]
[Tiebreak "Koya+Number of black wins+Number of wins"]
[SourceTitle "playchess.com"]
[Source "ChessBase"]
[SourceQuality "1"]

{[%evp 11,76,26,62,52,66,44,92,92,92,91,92,92,92,87,92,88,92,63,63,63,63,58,59,
66,94,77,74,16,0,0,22,-11,-6,0,-18,-16,16,11,59,46,51,22,63,41,68,22,56,52,112,
32,35,31,66,1,7,-146,-158,-557,-542,-493,-306,-234,-104,-174,-178,-178,1346]} 
1. e4 e5 2. Nf3 Nc6 3. Bb5 Nge7 4. Nc3 Ng6 5. d4 exd4 6. Nxd4 Bc5 {6...Nxd4 is
more fashionable. has lost popularity (6...Nxd4).} 7. Be3 {C60: Ruy Lopez:
Unusual Black 3rd moves and 3...g6.} Bxd4 8. Bxd4 Qg5 9. g3 {h4 is the strong
threat.White is better.} ({Much worse is} 9. Bxg7 $6 Rg8 $11) 9... Nxd4 10.
Qxd4 Ne5 {aiming for ...Nf3+.} 11. Be2 Nc6 12. Qc4 d6 {[#]} 13. Nd5 $146 ({
Predecessor:} 13. f4 Qa5 14. O-O-O Be6 15. Nd5 O-O-O 16. Rd3 Rhe8 17. Bf3 Bxd5
18. Rxd5 Qb6 19. Re1 a6 20. Kb1 Kb8 21. a3 {1/2-1/2 (21) Marciniak,A (2193)
-Ollier,P (2277) Creon 2011}) 13... Qd8 14. Qc3 O-O 15. O-O-O Re8 16. f3 Be6
17. Bb5 Bd7 18. h4 a6 19. Ba4 (19. Be2 $16) 19... b5 $11 20. Bb3 a5 {Hoping
for ...a4.} 21. a3 b4 22. axb4 axb4 23. Nxb4 Nxb4 24. Qxb4 Be6 25. Bxe6 Rxe6
26. Qc3 h5 27. b3 Rg6 28. f4 Ra6 29. Kb2 Re6 (29... Qe7 $14) 30. Qc4 (30. Rhe1
$16) 30... Qf6+ $1 $14 31. c3 Ra8 $1 32. Rhe1 ({White should play} 32. Qd5 $14
Ree8 33. Rhe1) 32... Qe7 $11 33. Rd5 $2 {[#]} ({White should try} 33. Qc6 $11
Qe8 34. Qd5 (34. Qxc7 Rxe4 35. Rxe4 Qxe4 $11)) 33... c6 $1 $17 {[%cal Rc6d5]
[%mdl 1024] Black has strong compensation.} 34. Rd4 $2 {[#]} (34. Rd2 $17 d5
35. Qd4) 34... d5 $1 $19 {[%mdl 512]} 35. Qe2 (35. exd5 Qa3+) 35... Qa3+ 36.
Kc2 Qa2+ (36... dxe4 $19 {( -> ...Qa2+)} 37. Rb1 e3) 37. Kd3 (37. Kc1 $17)
37... Qxb3 38. Qc2 Qb4 $4 {[%mdl 8192] White used his chance.  Weighted Error
Value: White=0.49/Black=0.21} (38... Qb6 $19 39. Ke2 Rxe4+ 40. Rxe4 dxe4) 1-0

[Event "Skilling Open CCT 2021"]
[Site "Online"]
[Date "2020.11.19"]
[Round "2.1"]
[White "Vachier-Lagrave, Maxime"]
[Black "Carlsen, Magnus"]
[Result "1/2-1/2"]
[WhiteElo "2860"]
[BlackElo "2881"]
[Annotator "TA"]
[PlyCount "142"]
[EventDate "2020.11.20"]
[EventType "tourn"]
[EventCountry "NET"]
[Tiebreak "Koya+Number of black wins+Number of wins"]
[SourceTitle "playchess.com"]
[Source "ChessBase"]
[SourceQuality "1"]

{[%evp 16,142,29,17,23,6,15,24,19,-38,-45,-36,-18,-16,0,0,0,-45,-56,-40,-53,
-60,79,-60,-55,-67,-49,-49,-40,-38,-25,-27,-39,-31,-37,-47,-40,-72,-71,-79,-65,
-78,-75,-90,-70,-79,-64,-138,-126,-176,-158,-158,-150,-154,-158,-162,-151,-154,
-132,-145,-147,-154,-154,-147,-147,-143,-85,-102,-100,-90,-49,-125,-125,-107,
-107,-107,-47,-47,-47,-47,-47,-47,-47,-47,-47,-47,-47,-47,-47,-47,-47,-65,-55,
-55,-55,-55,-55,-59,-38,-38,-8,-8,-8,-8,-8,-8,-8,-8,0,0,0,0,0,0,0,0,0,0,0,0,0,
0,0,0,0,0,8,8,8]} 1. e4 e5 2. Nf3 Nc6 3. Bb5 Nf6 4. O-O Nxe4 5. d4 Nd6 6. Bxc6
dxc6 7. dxe5 Nf5 8. Qxd8+ Kxd8 9. h3 Be6 {C67: Ruy Lopez: Berlin Defence: 4
0-0 Nxe4.} 10. Nc3 Bb4 11. Ne2 Bd5 {White has an edge.} 12. Nfd4 (12. Nd2 $11)
12... Nxd4 $15 13. Nxd4 Re8 14. Bf4 Ke7 (14... a5 {with more complications.}
15. Rfd1 Kc8 16. a3 Bc5 17. Rac1 b6) 15. Rfd1 Kf8 {[#]} 16. Rac1 $146 ({
Predecessor:} 16. a3 Bc5 17. Rd2 a5 18. Rad1 a4 19. Nf5 Bc4 {1/2-1/2 (19)
Gopal,G (2603)-Babula,V (2515) Khanty-Mansiysk 2010}) 16... Bxa2 17. b3 a5 18.
Ra1 Red8 (18... Bc3 $1 $15 {keeps the upper hand.}) 19. Rxa2 ({White should
play} 19. Ne2 $16) 19... c5 20. Be3 ({Don't go for} 20. c3 $2 Bxc3 21. e6 Rxd4
$19) 20... Ke8 21. f4 cxd4 (21... g5 {is interesting.} 22. fxg5 Bc3 23. Kf2
cxd4 24. Bd2 Bxd2 25. Rxd2 Ke7) 22. Rxd4 Rxd4 23. Bxd4 {[%mdl 4096] Endgame
KRB-KRB} b5 24. Kf2 a4 25. Kf3 Be7 26. bxa4 bxa4 27. f5 a3 28. Ke4 Kd7 29. c4
Kc6 30. g4 Bc5 31. g5 (31. Ra1 $15) 31... g6 $17 32. Bc3 Ra4 33. fxg6 hxg6 34.
Kd3 Kd7 35. Ra1 Ke6 36. Rf1 a2 37. Rf6+ Ke7 38. Rf1 Ra8 39. Kc2 Be3 40. h4 {[#]
} Bc5 (40... c5 $142 $1 41. Kb3 {[#]} Bd2 $1 {[%mdl 512]}) 41. Kb3 Ra3+ 42. Kc2
Ke8 (42... c6 {feels hotter.} 43. Bb2 Ra4 44. Kb3 Ra8 45. Bc3 Ra3+) 43. Kb2 {
[#]} (43. e6 $15 fxe6 44. Ra1) 43... a1=Q+ $1 {[%mdl 512]} 44. Rxa1 Rxa1 45.
Kxa1 {KB-KB} Bf2 (45... Ke7 $17 {Hoping for ...Bf2.} 46. Be1 Ke6) 46. e6 $1 $15
fxe6 47. Kb2 Bxh4 48. Bf6 Bf2 49. Kc2 Bc5 50. Kd3 $1 Bd6 51. Ke4 Kd7 52. Kd4
Kc6 53. Kd3 Kc5 54. Bd4+ Kb4 55. Bc3+ Kb3 56. Bd4 c5 57. Bf6 e5 {Black wants
to play ...Bc7.} 58. Bd8 {[#]The position is equal.} e4+ $1 {[%mdl 576]
Deflection} 59. Kxe4 Kxc4 {Threatening ...Bg3.} 60. Bf6 Bg3 61. Be7 {Cut Off
at move 61} Kb5 62. Kd5 $1 c4 {aiming for ...c3.} 63. Bf6 $1 Bf2 64. Ke6 Kc5
65. Kf7 Bd4 66. Be7+ Kb5 {Strongly threatening ...c3.} 67. Bf6 Kc5 {...c3 is
the strong threat.} 68. Be7+ Kd5 69. Bb4 Be3 70. Kxg6 c3 71. Bxc3 Bxg5 {
White happily takes the draw.  Weighted Error Value: White=0.15/Black=0.11}
1/2-1/2